000 00572nam a2200181Ia 4500
008 090124s9999 xx 000 0 und d
082 _b29418
_a2045
100 _aरवळगांवकर विजया
245 _a सुशोभित भरतकला
250 _a1
260 _c1998
300 _a137
600 _aरवळगांवकर विजया
630 _a सुशोभित भरतकला
700 _aरवळगांवकर विजया
730 _a सुशोभित भरतकला
942 _cBOOK
999 _c142872
_d142872